Human Geography: Landscapes of Human Activities (Record no. 5801)

MARC details
005 - DATE AND TIME OF LATEST TRANSACTION
control field 20250628054336.0
020 ## - INTERNATIONAL STANDARD BOOK NUMBER
International Standard Book Number 978-0-07-305151-2
082 ## - DEWEY DECIMAL CLASSIFICATION NUMBER
Classification number 302.2 FEL
100 ## - MAIN ENTRY--PERSONAL NAME
Author name FELLMANN, J.D.
245 ## - TITLE STATEMENT
Title Human Geography: Landscapes of Human Activities
250 ## - EDITION STATEMENT
Edition statement 10th Ed.
260 ## - PUBLICATION, DISTRIBUTION, ETC.
Place of publication, distribution, etc. NewYork,
Name of publisher, distributor, etc. McGraw-Hill Companies,Inc.,
Date of publication, distribution, etc. 2008.
300 ## - PHYSICAL DESCRIPTION
Extent xviii,516p.:ill.;figures and pictures
Other physical details Appendix,Bibliography, Glossary and Index
Dimensions 29cm
700 ## - ADDED ENTRY--PERSONAL NAME
Other authors/Editors Getis,Arthur
700 ## - ADDED ENTRY--PERSONAL NAME
Other authors/Editors Getis,Judith
942 ## - ADDED ENTRY ELEMENTS (KOHA)
Source of classification or shelving scheme Dewey Decimal Classification
Koha item type Books
Holdings
Date last seen Total checkouts Full call number Barcode Cost, replacement price Price effective from Koha item type Lost status Source of classification or shelving scheme Damaged status Not for loan Withdrawn status Home library Current library Shelving location Date acquired Source of acquisition Cost, normal purchase price
06/28/2025   302.2 FEL MZA0002565 90000.00 06/27/2025 Books   Dewey Decimal Classification       CBE Mwanza CBE Mwanza General Collection 07/16/2007 Library Budget 30000.00
06/28/2025   302.2 FEL MZA0002566 90000.00 06/27/2025 Books   Dewey Decimal Classification       CBE Mwanza CBE Mwanza General Collection 07/16/2007 Library Budget 30000.00
06/28/2025   302.2 FEL MZA0002567 90000.00 06/27/2025 Books   Dewey Decimal Classification       CBE Mwanza CBE Mwanza General Collection 07/16/2007 Library Budget 30000.00
06/28/2025   302.2 FEL MZA0002568 90000.00 06/27/2025 Books   Dewey Decimal Classification       CBE Mwanza CBE Mwanza General Collection 07/16/2007 Library Budget 30000.00
06/28/2025   302.2 FEL MZA0002569 90000.00 06/27/2025 Books   Dewey Decimal Classification       CBE Mwanza CBE Mwanza General Collection 07/16/2007 Library Budget 30000.00